[Event "SM2009"]
[Site "?"]
[Date "2009.06.28"]
[Round "1"]
[White "Daniel Semcesen"]
[Black "Victor Nithander"]
[Result "1/2-1/2"]
[WhiteElo "2387"]
[BlackElo "2422"]
[PlyCount "72"]
[EventDate "2009.??.??"]

1. d4 d5 2. Nf3 c6 3. c4 Nf6 4. Qc2 dxc4 5. Qxc4 Bf5 6. g3 e6 7. Bg2 Be7 8. O-O
O-O 9. Nc3 Nbd7 10. Qb3 Qb6 11. Nd2 Bg6 12. Nc4 Qxb3 13. axb3 a6 14. Na5 Nd5
15. Nxb7 Bb4 16. Bd2 Rfb8 17. Na5 Bxa5 18. Rxa5 Rxb3 19. e4 N5b6 20. Bc1 Nc4
21. Ra2 a5 22. f4 f6 23. e5 Rc8 24. Bf3 fxe5 25. Be2 Ndb6 26. dxe5 Rb4 27. Bd1
Nd5 28. Nxd5 cxd5 29. b3 Nxe5 30. Bd2 Nd3 31. Bxb4 axb4 32. Bg4 Kf7 33. Re2 Be4
34. f5 e5 35. f6 Rc1 36. fxg7+ Kxg7 1/2-1/2

[Event "SM2009"]
[Site "?"]
[Date "2009.06.28"]
[Round "1"]
[White "Hans Tikkanen"]
[Black "Emanuel Berg"]
[Result "0-1"]
[WhiteElo "2425"]
[BlackElo "2610"]
[PlyCount "79"]
[EventDate "2009.??.??"]

1. d4 Nf6 2. c4 g6 3. Nc3 Bg7 4. e4 d6 5. Nf3 O-O 6. Be2 e5 7. O-O Nc6 8. d5
Ne7 9. Ne1 Nd7 10. Nd3 f5 11. Bd2 Kh8 12. f3 f4 13. g4 Ng8 14. Kg2 Bf6 15. Be1
h5 16. h3 Bh4 17. Bxh4 Qxh4 18. Qe1 Qe7 19. Rh1 Rf7 20. Qf2 Rh7 21. Rac1 Nh6
22. b4 a6 23. c5 Nf7 24. cxd6 cxd6 25. a4 Nf6 26. Nb2 Kg7 27. Nc4 Bd7 28. Nb6
Rah8 29. Nxd7 Qxd7 30. b5 hxg4 31. hxg4 Rxh1 32. Rxh1 Rxh1 33. Kxh1 Qc8 34. Qe1
a5 35. Kg2 Nd7 36. Qc1 Ng5 37. Qe1 Kf6 38. Qa1 Qc5 39. Qe1 Qd4 40. Qc1 0-1

[Event "SM2009"]
[Site "?"]
[Date "2009.06.28"]
[Round "1"]
[White "Pia Cramling"]
[Black "Stellan Brynell"]
[Result "1/2-1/2"]
[WhiteElo "2528"]
[BlackElo "2463"]
[PlyCount "78"]
[EventDate "2009.??.??"]

1. d4 Nf6 2. Nf3 e6 3. c4 b6 4. Nc3 Bb4 5. e3 Ne4 6. Qc2 Bb7 7. Be2 O-O 8. O-O
Bxc3 9. bxc3 f5 10. Ne1 c5 11. Nd3 Qc7 12. a4 Nc6 13. f3 Nd6 14. dxc5 Nxc4 15.
cxb6 axb6 16. Nc5 bxc5 17. Bxc4 d5 18. Bb5 Ba6 19. c4 Ne5 20. Bxa6 Rxa6 21.
cxd5 exd5 22. Rb1 Nc4 23. Rd1 Qe5 24. Rb3 Rxa4 25. Rbd3 Ra1 26. Rxd5 Nxe3 27.
Rxe5 Nxc2 28. Rxc5 Ne3 29. Re1 f4 30. g3 h6 31. Kf2 Ra2+ 32. Re2 fxg3+ 33. hxg3
Ng4+ 34. Ke1 Re8 35. Kf1 Nf6 36. g4 Kf7 37. Bb2 Rb8 38. Rc7+ Kg6 39. Bc3 Rd8
1/2-1/2

[Event "SM2009_ME"]
[Site "?"]
[Date "2009.06.28"]
[Round "1"]
[White "Anders Eriksson"]
[Black "Anton Frisk-Kockum"]
[Result "1-0"]
[WhiteElo "2346"]
[BlackElo "2255"]
[PlyCount "105"]
[EventDate "2009.??.??"]

1. Nf3 d5 2. g3 Bg4 3. Bg2 Nd7 4. c4 e6 5. Qb3 Nc5 6. Qe3 c6 7. cxd5 cxd5 8. d4
Nd7 9. Qb3 Qb6 10. Qxb6 axb6 11. Nc3 Bb4 12. Bd2 Bxc3 13. Bxc3 Ne7 14. Nd2 f5
15. Nb1 Nc6 16. Na3 Nf6 17. f3 Bh5 18. Nb5 Kd7 19. Kf2 Rhc8 20. Rhc1 Bg6 21.
Bf1 Ne8 22. e3 Nc7 23. h3 Be8 24. g4 g5 25. Nxc7 Rxc7 26. gxf5 exf5 27. Bd3 Bg6
28. Rg1 g4 29. hxg4 fxg4 30. Bxg6 hxg6 31. Rxg4 Ne7 32. a3 Rh8 33. Rag1 b5 34.
e4 Rh2+ 35. R1g2 Rxg2+ 36. Rxg2 Rc6 37. Ke3 Re6 38. Kd3 Rf6 39. Rg3 Nc6 40. Ke3
Ne7 41. Bb4 Nc6 42. exd5 Nd8 43. Rg4 Nf7 44. Bf8 Ke8 45. Bc5 Kd7 46. Re4 Ng5
47. Re7+ Kc8 48. f4 Nh3 49. d6 Nxf4 50. Rc7+ Kb8 51. Rg7 Ne6 52. d7 Kc7 53.
d8=Q+ 1-0

[Event "SM2009"]
[Site "?"]
[Date "2009.06.28"]
[Round "1"]
[White "Torbjörn Glimbrant"]
[Black "Simon Hänninger"]
[Result "1/2-1/2"]
[WhiteElo "2244"]
[BlackElo "2167"]
[PlyCount "87"]
[EventDate "2009.??.??"]

1. Nf3 d5 2. d4 Nf6 3. c4 c6 4. e3 Bf5 5. Bd3 Bxd3 6. Qxd3 e6 7. O-O Be7 8.
Nbd2 O-O 9. e4 dxe4 10. Nxe4 Nxe4 11. Qxe4 Nd7 12. Rd1 Nf6 13. Qe2 Qc7 14. b3
Rad8 15. h3 Rfe8 16. Be3 c5 17. dxc5 Bxc5 18. Rxd8 Rxd8 19. Bxc5 Qxc5 20. Rd1
Qc7 21. a3 a5 22. b4 axb4 23. Rxd8+ Qxd8 24. axb4 b6 25. Qd2 Qxd2 26. Nxd2 Kf8
27. Kf1 Ke7 28. Ke2 Nd7 29. Kd3 Ne5+ 30. Kc3 Kd7 31. Nb3 Kc7 32. c5 Nd7 33. Kc4
bxc5 34. bxc5 Ne5+ 35. Kd4 Nc6+ 36. Ke4 Ne7 37. Nd4 Nd5 38. g3 Nf6+ 39. Kd3 Nd7
40. Kc4 Ne5+ 41. Kc3 Nd7 42. Kc4 Ne5+ 43. Kc3 Nd7 44. Kc4 1/2-1/2

[Event "SM2009_ME"]
[Site "?"]
[Date "2009.06.28"]
[Round "1"]
[White "Peter Vas"]
[Black "Jan-Olov Lind"]
[Result "1-0"]
[WhiteElo "2232"]
[BlackElo "2231"]
[PlyCount "99"]
[EventDate "2009.??.??"]

1. e4 Nc6 2. Nf3 Nf6 3. Bc4 e5 4. d3 Be7 5. O-O O-O 6. Bb3 d6 7. c3 Kh8 8. Re1
Ng8 9. d4 Bg4 10. d5 Nb8 11. h3 Bc8 12. Bc2 g6 13. c4 f5 14. Nc3 f4 15. c5 g5
16. cxd6 cxd6 17. Nh2 Nf6 18. Ng4 Nxg4 19. hxg4 h5 20. gxh5 g4 21. g3 f3 22.
Kh2 Rf7 23. Rh1 Rh7 24. Kg1 Na6 25. Be3 Qe8 26. h6 Bd7 27. Qd2 Qg6 28. Rc1 b6
29. a3 Nc5 30. b4 Nb7 31. Bd3 Nd8 32. Nb5 Nf7 33. Rc7 Rd8 34. Nxa7 Bg5 35. Nc6
Bxc6 36. dxc6 Bxe3 37. Qxe3 b5 38. Rb7 Ng5 39. Rxh7+ Kxh7 40. Qb6 Rf8 41. Qb7+
Kh8 42. c7 Qg8 43. Bxb5 Nh3+ 44. Rxh3 gxh3 45. Ba6 h2+ 46. Kh1 d5 47. c8=Q Rxc8
48. Qxc8 Qxc8 49. Bxc8 dxe4 50. Kxh2 1-0

[Event "SM2009"]
[Site "?"]
[Date "2009.06.28"]
[Round "1"]
[White "Nils Grandelius"]
[Black "Thomas Ernst"]
[Result "1-0"]
[WhiteElo "2491"]
[BlackElo "2414"]
[PlyCount "111"]
[EventDate "2009.??.??"]

1. e4 c5 2. Nf3 d6 3. d4 cxd4 4. Nxd4 Nf6 5. Nc3 g6 6. Be3 Bg7 7. f3 Nc6 8. Bc4
O-O 9. Qd2 Bd7 10. O-O-O Rc8 11. Bb3 Ne5 12. Kb1 Re8 13. g4 b5 14. g5 Nh5 15.
Ndxb5 Nxf3 16. Bxf7+ Kxf7 17. Rdf1 Kg8 18. Rxf3 Qa5 19. Nd4 Qb4 20. Qd3 Qc4 21.
Nde2 Bg4 22. Rf2 a6 23. Bd4 Bxd4 24. Nxd4 Qc5 25. Nd5 e5 26. Rg2 Bd7 27. Ne2
Kg7 28. Nec3 Nf4 29. Nxf4 exf4 30. Nd5 Rf8 31. Nf6 Bb5 32. Qf3 Qe3 33. Rf2 Qxf3
34. Rxf3 h6 35. h4 Rh8 36. Rg1 hxg5 37. hxg5 Rh2 38. c3 Rch8 39. a4 Rh1 40.
Rxh1 Rxh1+ 41. Ka2 Bc4+ 42. b3 Rf1 43. Rxf1 Bxf1 44. Ng4 Kf7 45. Kb2 Ke6 46. c4
Be2 47. Nf2 Ke5 48. Kc3 a5 49. Kd2 Bf1 50. Ke1 Bxc4 51. bxc4 Kd4 52. Ke2 Kxc4
53. Nh3 Kb4 54. Nxf4 Kxa4 55. Nxg6 Kb3 56. Nf4 1-0

[Event "SM2009"]
[Site "Kungsör, Sweden"]
[Date "2009.06.29"]
[Round "2"]
[White "Victor Nithander"]
[Black "Tiger Hillarp-Persson"]
[Result "1/2-1/2"]
[WhiteElo "2422"]
[BlackElo "2618"]
[PlyCount "42"]
[EventDate "2009.??.??"]

1. e4 c5 2. Nf3 d6 3. d4 cxd4 4. Nxd4 Nf6 5. Nc3 a6 6. Be2 e6 7. a4 Nc6 8. O-O
Be7 9. Be3 O-O 10. f4 Re8 11. Kh1 Qc7 12. Qd2 Na5 13. b3 Bd7 14. Bd3 Rac8 15.
Nce2 Nc6 16. Ng3 Bd8 17. Nxc6 Bxc6 18. e5 Nd5 19. Bd4 dxe5 20. fxe5 f5 21. exf6
Bxf6 1/2-1/2

[Event "SM2009"]
[Site "Kungsör, Sweden"]
[Date "2009.06.29"]
[Round "2"]
[White "Ralf Åkesson"]
[Black "Nils Grandelius"]
[Result "1/2-1/2"]
[WhiteElo "2493"]
[BlackElo "2491"]
[PlyCount "37"]
[EventDate "2009.??.??"]

1. c4 Nf6 2. Nc3 e6 3. Nf3 d5 4. d4 dxc4 5. e4 Bb4 6. Bg5 b5 7. a4 c6 8. Qc2 h6
9. Bxf6 Qxf6 10. Be2 Bb7 11. O-O a6 12. b3 cxb3 13. Qxb3 Bxc3 14. Qxc3 Nd7 15.
Nd2 O-O 16. Nb3 c5 17. axb5 axb5 18. Bxb5 cxd4 19. Qxd4 1/2-1/2

[Event "SM2009"]
[Site "Kungsör, Sweden"]
[Date "2009.06.29"]
[Round "2"]
[White "Thomas Ernst"]
[Black "Pia Cramling"]
[Result "1/2-1/2"]
[WhiteElo "2414"]
[BlackElo "2528"]
[PlyCount "117"]
[EventDate "2009.??.??"]

1. e4 c5 2. Nf3 Nc6 3. d4 cxd4 4. Nxd4 e6 5. Nb5 d6 6. c4 Nf6 7. N1c3 a6 8. Na3
Be7 9. Be2 O-O 10. O-O b6 11. Be3 Ne5 12. f4 Ned7 13. Bf3 Bb7 14. Re1 h6 15.
Qe2 Qc7 16. Rac1 Rac8 17. Nab1 Qb8 18. Nd2 Rfe8 19. Bf2 Nh7 20. Bg3 Bc6 21. a4
Nc5 22. Ra1 Bf6 23. e5 Bxf3 24. Qxf3 dxe5 25. fxe5 Be7 26. h4 Rcd8 27. Nde4 Rd3
28. Qh5 Qb7 29. Rf1 Bf8 30. Rae1 Red8 31. Kh2 Nb3 32. Bf4 Nd4 33. Qg4 Nf5 34.
g3 Bb4 35. Qe2 R3d7 36. Rd1 Be7 37. Rxd7 Rxd7 38. Rd1 Nf8 39. h5 Rxd1 40. Qxd1
Qd7 41. Nd6 Bxd6 42. exd6 e5 43. Bxe5 Ne3 44. Qd4 Ng4+ 45. Kg2 Qf5 46. Bf4 Nd7
47. Nd5 Qxh5 48. Nxb6 Qh2+ 49. Kf1 Qc2 50. Ke1 Nh2 51. Qc3 Qe4+ 52. Qe3 Qb1+
53. Qc1 Qe4+ 54. Qe3 Qb1+ 55. Qc1 Qe4+ 56. Qe3 Qb1+ 57. Qc1 Qe4+ 58. Qe3 Qb1+
59. Qc1 1/2-1/2

[Event "SM2009"]
[Site "Kungsör, Sweden"]
[Date "2009.06.29"]
[Round "2"]
[White "Simon Hänninger"]
[Black "Erik Blomquist"]
[Result "0-1"]
[WhiteElo "2167"]
[BlackElo "2436"]
[PlyCount "98"]
[EventDate "2009.??.??"]

1. Nf3 c5 2. c4 Nf6 3. g3 b6 4. Bg2 Bb7 5. O-O e6 6. Nc3 Be7 7. Re1 d6 8. e4 a6
9. d4 cxd4 10. Nxd4 Qc7 11. Qe2 Nbd7 12. Bd2 Rc8 13. b3 O-O 14. Rac1 Rfe8 15.
h3 Bf8 16. g4 g6 17. Bg5 Bg7 18. Qd2 h5 19. Ndb5 axb5 20. Nxb5 Qc6 21. Nxd6
hxg4 22. hxg4 Nxg4 23. Rcd1 Nc5 24. Qf4 Ne5 25. Nxe8 Rxe8 26. Re3 f6 27. Bxf6
Ncd3 28. Rexd3 Nxd3 29. Rxd3 e5 30. Bxe5 Bxe5 31. Qd2 Qf6 32. Rf3 Qe7 33. Rd3
Qf6 34. Rf3 Qe7 35. Rd3 Qh4 36. Rh3 Rd8 37. Rd3 Rf8 38. Rh3 Qg4 39. Qd3 Qg5 40.
Qe3 Qf6 41. Rf3 Bf4 42. Rxf4 Qxf4 43. Qxb6 Bxe4 44. Qe6+ Kg7 45. Qe7+ Kh6 46.
Qxe4 Qxf2+ 47. Kh1 Rf4 48. Qe6 Rh4+ 49. Bh3 Qg3 0-1

[Event "SM2009"]
[Site "Kungsör, Sweden"]
[Date "2009.06.29"]
[Round "2"]
[White "Torbjörn Glimbrant"]
[Black "Hans Tikkanen"]
[Result "1/2-1/2"]
[WhiteElo "2244"]
[BlackElo "2425"]
[PlyCount "61"]
[EventDate "2009.??.??"]

1. d4 Nf6 2. Nf3 d6 3. g3 Bf5 4. c4 g6 5. Nc3 Bg7 6. Bg2 Qc8 7. Qb3 c6 8. Nh4
Bd7 9. e4 O-O 10. h3 e5 11. d5 Na6 12. Be3 c5 13. g4 Nc7 14. f4 exf4 15. Bxf4
Nfe8 16. Bf3 Rb8 17. Bg2 Ra8 18. Bf3 Rb8 19. a4 a6 20. a5 b5 21. axb6 Na8 22.
Qc2 Rxb6 23. O-O h5 24. gxh5 Qd8 25. Ng2 Bxh3 26. Kh2 Bxg2 27. Kxg2 Be5 28.
Bxe5 dxe5 29. Qd2 Ng7 30. Rh1 Ne6 31. Ne2 1/2-1/2

[Event "SM2009"]
[Site "Kungsör, Sweden"]
[Date "2009.06.29"]
[Round "2"]
[White "Stellan Brynell"]
[Black "Daniel Semcesen"]
[Result "1/2-1/2"]
[WhiteElo "2463"]
[BlackElo "2387"]
[PlyCount "102"]
[EventDate "2009.??.??"]

1. d4 d5 2. c4 dxc4 3. Nf3 Nf6 4. e3 Bg4 5. Bxc4 e6 6. h3 Bh5 7. O-O a6 8. b3
Nc6 9. Be2 Bd6 10. Bb2 O-O 11. Nbd2 Re8 12. Rc1 Qe7 13. Nc4 Rad8 14. a3 Nb8 15.
b4 c6 16. Nxd6 Qxd6 17. Qc2 Nbd7 18. Rfd1 Nd5 19. Re1 Qe7 20. Bd1 Qf6 21. Qd2
Qh6 22. e4 Nf4 23. Qe3 e5 24. dxe5 Bxf3 25. Bxf3 Nxe5 26. Bxe5 Rxe5 27. Rcd1
Rde8 28. Rd7 Rg5 29. Bg4 Qf6 30. g3 Nd5 31. Qd2 Rge5 32. Rxb7 h5 33. Bxh5 g6
34. Bg4 Rxe4 35. Rxe4 Rxe4 36. Kg2 Kg7 37. Bf3 Rd4 38. Qe2 Nc3 39. Qe3 Nb5 40.
Rb6 Rc4 41. Rxa6 Rc3 42. Qf4 Qxf4 43. gxf4 Nd4 44. Be4 f5 45. Ra7+ Kf6 46. Rd7
Ne6 47. Bf3 Nxf4+ 48. Kg3 Ne2+ 49. Kg2 Nf4+ 50. Kg3 Ne2+ 51. Kg2 Nf4+ 1/2-1/2